000 005590000a22001810004500
003 MACL
005 20160603124518.0
008 160603b xxu||||| |||| 00| 0 eng d
040 _aMACL
_cMACL
041 _aHindi
082 _a920
100 _aदर्पण, महेश
_945144
245 _aवर्तमान में भविष्‍य
_cमहेश दर्पण
260 _bसामयिक प्रकाशन
_c2007
_aदिल्‍ली
350 _a150
650 _aBiography
_962005
942 _cHIN
_k891.433/DAR/S
_2ddc
999 _c10122
_d10122